|
|
|
|
| LEADER |
00000nam a22000007a 4500 |
| 005 |
20210513235717.0 |
| 007 |
cr|||| |||| |
| 008 |
210513s2013 co |||||s|||| 00||0 spa d |
| 020 |
|
|
|a 978-958-762-178-5
|
| 035 |
|
|
|a 33387
|
| 040 |
|
|
|a vLex
|
| 090 |
|
|
|c 11659
|d 11659
|
| 100 |
1 |
|
|a Lira Briceǫ, Pal︢
|
| 245 |
1 |
0 |
|a Evaluacin̤ de Proyectos de inversin̤
|h [Recurso electrn̤ico] :
|b Herramientas financieras para analizar la creacin̤ de valor /
|c Pal︢ Lira Briceǫ
|
| 256 |
|
|
|a Servicio en ln̕ea
|
| 260 |
|
|
|a Bogot:̀
|b Ediciones de la U,
|c 2013
|
| 300 |
|
|
|a 1 recurso electrn̤ico
|
| 500 |
|
|
|a Las personas y empresas estǹ, permanentemente, enfrentadas a decisiones que conllevan la asignacin̤ de recursos escasos entre diversas soluciones que satisfacen una misma necesidad. Las tčnicas de evaluacin̤ de proyectos, si se dominan y aplican adecuadamente, permiten conocer si el proyecto analizado genera o destruye valor; lo que en un entorno tan competitivo y global como el actual se vuelve clave si se desea crecer y prosperar, hace ms̀ de 16 aǫs enseǫ el curso de Evaluacin̤ de Proyectos en diferentes universidades de la ciudad de Lima y, durante todo ese tiempo, siempre anhel ̌contar con un texto que pudiese servir de referencia y gua̕ a mis alumnos. Los que existen tratan el tema dentro de un contexto ms̀ amplio de las finanzas corporativas y, por lo tanto, no tienen el grado de detalle deseado; o los unen, errn̤eamente, a mi juicio, con la formulacin̤ de proyectos de inversin̤, ms̀ an︢, los aspectos prc̀ticos de la materia muchas veces no son abordados de manera detallada, pues se da por descontado que el lector ya los sabra̕ o, peor an︢, los descubrira̕ de manera espontǹea; supuesto que la mayor parte de las veces no se cumple.
|
| 506 |
1 |
|
|a Disponible solo en los productos indicados
|d vLex Global
|d vLex Global (Academic Edition, excluding Law Schools)
|d vLex Global (U.S. Academic Edition, Law Schools)
|d vLex Global (U.S. Academic Edition, excluding Law Schools)
|d vLex Global (Academic Edition, Law Schools)
|
| 650 |
0 |
4 |
|a Contabilidad
|z Colombia
|
| 650 |
0 |
4 |
|a Banca y finanzas
|z Colombia
|
| 740 |
0 |
|
|a vLex Libros (Servicio en ln̕ea)
|
| 856 |
4 |
0 |
|u https://vlex.com/source/evaluacion-de-proyectos-de-inversion-herramientas-financieras-para-analizar-la-creacion-de-valor-33387
|z Acceso restringido
|
| 942 |
|
|
|c BOOK
|
| 999 |
0 |
|
|a Accounting
|
| 999 |
0 |
|
|a Banking and finance
|